00336nam a2200109Ia 4500008004000000082001600040100002200056245005600078260004800134300001200182650003200194210210b1989 xxu||||| |||| 00| 0 eng d a796.01 VIRS aVIR (Dharam), Ed. aSports and society: readings in sociology of sport. aNew Delhi.bClassical Publishing Co.,c1989 axvi,208 aSports, Society Sociology